000
00288nam a22001217a 4500
020
_q
PB.
040
_c
FIZZA ISHAQ
082
_a
690
_b
ARO
100
_a
GUPTA,ARORA.
_9
109255
245
_a
BUILDING CONSTRUCTION /
_c
ARORA GUPTA.
260
_a
INDIA ;
_b
NEW DELHI,
_c
1974.
942
_2
ddc
_c
BK
999
_c
593374
_d
593374